<?xml version="1.0" encoding="UTF-8"?>
<record
    xmlns:xsi="http://www.w3.org/2001/XMLSchema-instance"
    xsi:schemaLocation="http://www.loc.gov/MARC21/slim http://www.loc.gov/standards/marcxml/schema/MARC21slim.xsd"
    xmlns="http://www.loc.gov/MARC21/slim">

  <leader>00347nam a22001577a 4500</leader>
  <controlfield tag="003">SGT</controlfield>
  <datafield tag="020" ind1=" " ind2=" ">
    <subfield code="a">978-81-223-0126-7</subfield>
  </datafield>
  <datafield tag="082" ind1=" " ind2=" ">
    <subfield code="a">615.83</subfield>
    <subfield code="b">C21S</subfield>
  </datafield>
  <datafield tag="100" ind1=" " ind2=" ">
    <subfield code="a">SHARMA , RASHMI</subfield>
  </datafield>
  <datafield tag="245" ind1=" " ind2=" ">
    <subfield code="a">COLOUR THERAPY</subfield>
  </datafield>
  <datafield tag="260" ind1=" " ind2=" ">
    <subfield code="a">NEW DELHI</subfield>
    <subfield code="b">PUSTAK MAHAL</subfield>
    <subfield code="c">2021</subfield>
  </datafield>
  <datafield tag="300" ind1=" " ind2=" ">
    <subfield code="a">78</subfield>
  </datafield>
  <datafield tag="650" ind1=" " ind2=" ">
    <subfield code="a">THERAPY</subfield>
  </datafield>
  <datafield tag="653" ind1=" " ind2=" ">
    <subfield code="a">COLOUR, THERAPY </subfield>
  </datafield>
  <datafield tag="942" ind1=" " ind2=" ">
    <subfield code="2">ddc</subfield>
    <subfield code="c">BK</subfield>
    <subfield code="0">16</subfield>
  </datafield>
  <datafield tag="952" ind1=" " ind2=" ">
    <subfield code="0">0</subfield>
    <subfield code="1">0</subfield>
    <subfield code="2">ddc</subfield>
    <subfield code="4">0</subfield>
    <subfield code="5">1</subfield>
    <subfield code="7">0</subfield>
    <subfield code="8">FA</subfield>
    <subfield code="a">APL</subfield>
    <subfield code="b">APL</subfield>
    <subfield code="c">REF</subfield>
    <subfield code="d">2022-03-05</subfield>
    <subfield code="e">SAVERA BOOK DISTRIBUTERS</subfield>
    <subfield code="g">195.00</subfield>
    <subfield code="i">SGTU</subfield>
    <subfield code="o">615.83 C21S</subfield>
    <subfield code="p">FA11038</subfield>
    <subfield code="r">2022-03-05 00:00:00</subfield>
    <subfield code="w">2022-01-31</subfield>
    <subfield code="y">BK</subfield>
    <subfield code="k">21-22/CRB/504</subfield>
  </datafield>
  <datafield tag="952" ind1=" " ind2=" ">
    <subfield code="0">0</subfield>
    <subfield code="1">0</subfield>
    <subfield code="2">ddc</subfield>
    <subfield code="4">0</subfield>
    <subfield code="7">0</subfield>
    <subfield code="8">FA</subfield>
    <subfield code="a">APL</subfield>
    <subfield code="b">APL</subfield>
    <subfield code="c">TXT</subfield>
    <subfield code="d">2022-03-05</subfield>
    <subfield code="e">SAVERA BOOK DISTRIBUTERS</subfield>
    <subfield code="g">195.00</subfield>
    <subfield code="i">SGTU</subfield>
    <subfield code="l">1</subfield>
    <subfield code="o">615.83 C21S</subfield>
    <subfield code="p">FA11039</subfield>
    <subfield code="r">2024-12-23 00:00:00</subfield>
    <subfield code="s">2024-11-20</subfield>
    <subfield code="w">2022-01-31</subfield>
    <subfield code="y">BK</subfield>
    <subfield code="k">21-22/CRB/504</subfield>
  </datafield>
  <datafield tag="952" ind1=" " ind2=" ">
    <subfield code="0">0</subfield>
    <subfield code="1">0</subfield>
    <subfield code="2">ddc</subfield>
    <subfield code="4">0</subfield>
    <subfield code="7">0</subfield>
    <subfield code="8">FA</subfield>
    <subfield code="a">APL</subfield>
    <subfield code="b">APL</subfield>
    <subfield code="c">TXT</subfield>
    <subfield code="d">2022-03-05</subfield>
    <subfield code="e">SAVERA BOOK DISTRIBUTERS</subfield>
    <subfield code="g">195.00</subfield>
    <subfield code="i">SGTU</subfield>
    <subfield code="l">3</subfield>
    <subfield code="o">615.83 C21S</subfield>
    <subfield code="p">FA11040</subfield>
    <subfield code="r">2025-12-15 00:00:00</subfield>
    <subfield code="s">2025-12-01</subfield>
    <subfield code="w">2022-01-31</subfield>
    <subfield code="y">BK</subfield>
    <subfield code="k">21-22/CRB/504</subfield>
  </datafield>
  <datafield tag="952" ind1=" " ind2=" ">
    <subfield code="0">0</subfield>
    <subfield code="1">0</subfield>
    <subfield code="2">ddc</subfield>
    <subfield code="4">0</subfield>
    <subfield code="7">0</subfield>
    <subfield code="8">FA</subfield>
    <subfield code="a">APL</subfield>
    <subfield code="b">APL</subfield>
    <subfield code="c">TXT</subfield>
    <subfield code="d">2022-03-05</subfield>
    <subfield code="e">SAVERA BOOK DISTRIBUTERS</subfield>
    <subfield code="g">195.00</subfield>
    <subfield code="i">SGTU</subfield>
    <subfield code="l">11</subfield>
    <subfield code="m">2</subfield>
    <subfield code="o">615.83 C21S</subfield>
    <subfield code="p">FA11041</subfield>
    <subfield code="r">2025-01-15 00:00:00</subfield>
    <subfield code="s">2024-11-22</subfield>
    <subfield code="w">2022-01-31</subfield>
    <subfield code="y">BK</subfield>
    <subfield code="k">21-22/CRB/504</subfield>
  </datafield>
  <datafield tag="952" ind1=" " ind2=" ">
    <subfield code="0">0</subfield>
    <subfield code="1">0</subfield>
    <subfield code="2">ddc</subfield>
    <subfield code="4">0</subfield>
    <subfield code="7">0</subfield>
    <subfield code="8">FA</subfield>
    <subfield code="a">APL</subfield>
    <subfield code="b">APL</subfield>
    <subfield code="c">TXT</subfield>
    <subfield code="d">2022-03-05</subfield>
    <subfield code="e">SAVERA BOOK DISTRIBUTERS</subfield>
    <subfield code="g">195.00</subfield>
    <subfield code="i">SGTU</subfield>
    <subfield code="l">3</subfield>
    <subfield code="o">615.83 C21S</subfield>
    <subfield code="p">FA11042</subfield>
    <subfield code="r">2025-12-15 00:00:00</subfield>
    <subfield code="s">2025-12-01</subfield>
    <subfield code="w">2022-01-31</subfield>
    <subfield code="y">BK</subfield>
    <subfield code="k">21-22/CRB/504</subfield>
  </datafield>
  <datafield tag="952" ind1=" " ind2=" ">
    <subfield code="0">0</subfield>
    <subfield code="1">0</subfield>
    <subfield code="2">ddc</subfield>
    <subfield code="4">0</subfield>
    <subfield code="7">0</subfield>
    <subfield code="8">FA</subfield>
    <subfield code="a">APL</subfield>
    <subfield code="b">APL</subfield>
    <subfield code="c">TXT</subfield>
    <subfield code="d">2022-03-05</subfield>
    <subfield code="e">SAVERA BOOK DISTRIBUTERS</subfield>
    <subfield code="g">195.00</subfield>
    <subfield code="i">SGTU</subfield>
    <subfield code="l">3</subfield>
    <subfield code="o">615.83 C21S</subfield>
    <subfield code="p">FA11043</subfield>
    <subfield code="r">2025-01-07 00:00:00</subfield>
    <subfield code="s">2025-01-01</subfield>
    <subfield code="w">2022-01-31</subfield>
    <subfield code="y">BK</subfield>
    <subfield code="k">21-22/CRB/504</subfield>
  </datafield>
  <datafield tag="952" ind1=" " ind2=" ">
    <subfield code="0">0</subfield>
    <subfield code="1">0</subfield>
    <subfield code="2">ddc</subfield>
    <subfield code="4">0</subfield>
    <subfield code="7">0</subfield>
    <subfield code="8">FA</subfield>
    <subfield code="a">APL</subfield>
    <subfield code="b">APL</subfield>
    <subfield code="c">TXT</subfield>
    <subfield code="d">2022-03-05</subfield>
    <subfield code="e">SAVERA BOOK DISTRIBUTERS</subfield>
    <subfield code="g">195.00</subfield>
    <subfield code="i">SGTU</subfield>
    <subfield code="l">7</subfield>
    <subfield code="o">615.83 C21S</subfield>
    <subfield code="p">FA11044</subfield>
    <subfield code="r">2026-05-27 11:51:14</subfield>
    <subfield code="s">2026-05-27</subfield>
    <subfield code="w">2022-01-31</subfield>
    <subfield code="y">BK</subfield>
    <subfield code="k">21-22/CRB/504</subfield>
  </datafield>
  <datafield tag="952" ind1=" " ind2=" ">
    <subfield code="0">0</subfield>
    <subfield code="1">0</subfield>
    <subfield code="2">ddc</subfield>
    <subfield code="4">0</subfield>
    <subfield code="7">0</subfield>
    <subfield code="8">FA</subfield>
    <subfield code="a">APL</subfield>
    <subfield code="b">APL</subfield>
    <subfield code="c">TXT</subfield>
    <subfield code="d">2022-03-05</subfield>
    <subfield code="e">SAVERA BOOK DISTRIBUTERS</subfield>
    <subfield code="g">195.00</subfield>
    <subfield code="i">SGTU</subfield>
    <subfield code="l">4</subfield>
    <subfield code="m">1</subfield>
    <subfield code="o">615.83 C21S</subfield>
    <subfield code="p">FA11045</subfield>
    <subfield code="q">2026-06-18</subfield>
    <subfield code="r">2026-06-04 16:02:48</subfield>
    <subfield code="s">2026-06-04</subfield>
    <subfield code="w">2022-01-31</subfield>
    <subfield code="y">BK</subfield>
    <subfield code="k">21-22/CRB/504</subfield>
  </datafield>
  <datafield tag="999" ind1=" " ind2=" ">
    <subfield code="c">22449</subfield>
    <subfield code="d">22449</subfield>
  </datafield>
</record>
